000 00501nam a2200169Ia 4500
008 100204s9999 xx 000 0 und d
082 _b28749
100 _aआर्चर जेफ्री
245 _aफॉल्स इम्प्रेशन
250 _a0
260 _c2009
300 _a371
630 _aफॉल्स इम्प्रेशन
700 _aलवाटे सुधाकर
730 _aफॉल्स इम्प्रेशन
942 _cBOOK
999 _c473920
_d473917